Cuestiones agrarias de México : el problema agrario y nuestra economía agrícola, el problema agrario mexicano y la maquinización agrícola /

সংরক্ষণ করুন:
গ্রন্থ-পঞ্জীর বিবরন
প্রধান লেখক: Durán, Marco Antonio (autor)
অন্যান্য লেখক: Rodríguez Adame, Julián (autor) (autor)
বিন্যাস: গ্রন্থ
ভাষা:স্প্যানিশ
মালা:(Jornadas ; 55)
বিষয়গুলি:
ট্যাগগুলো: ট্যাগ যুক্ত করুন
কোনো ট্যাগ নেই, প্রথমজন হিসাবে ট্যাগ করুন!

MARC

LEADER 00000nam^a2200000^a^4500
001 000096380
005 20250521000000.0
009 20260310092943.098
037 |a Acervo ITESO - Biblioteca 
041 |a ESP 
082 |a 300. 5  |b JOR V. 55 
100 |a Durán, Marco Antonio  |e (autor) 
240 1 1 |a [Jornadas] 
245 1 0 |a Cuestiones agrarias de México :  |b el problema agrario y nuestra economía agrícola, el problema agrario mexicano y la maquinización agrícola /  |c M.A. Durán, J. Rodríguez Adame. 
264 |a México :  |b El Colegio de México, Centro de Estudios Sociales,  |c 1945 
300 |a 80 p. 
336 |a texto  |b txt  |2 rdacontenido 
337 |a sin mediación  |b n  |2 rdamedio 
338 |a volumen  |b nc  |2 rdasoporte 
440 1 |a (Jornadas ;  |v 55) 
649 |a XX 
650 |a Ciencias Sociales -  |x Publicaciones Periódicas Mexicanas 
650 |a Agricultura -  |z México 
650 |a Industria Agropecuaria -  |z México 
650 |a Economía -  |z México 
700 |a Rodríguez Adame, Julián  |e (autor) 
910 |a Fondo Salvador Reynoso Reynoso 
920 |a Impresos - Libros 
930 |a Fondos Especiales 
905 |a 112 
901 |a 0500032102  |b IT2  |c ESP  |u 20250521 
902 |a https://opac.biblio.iteso.mx/vufind/Record/000096380